DIAGNOSTIC IMAGING: PEDIATRIC / (Record no. 798129)

MARC details
000 -LEADER
fixed length control field 00492pam a2200181 a 4500
020 ## - INTERNATIONAL STANDARD BOOK NUMBER
International Standard Book Number 0808923242
Terms of availability 6387.50
041 ## - LANGUAGE CODE
Language code of text/sound track or separate title eng
Language code of original NULL
082 ## - DEWEY DECIMAL CLASSIFICATION NUMBER
Classification number 618.9200754
Item number DOH/KRA
100 ## - MAIN ENTRY--PERSONAL NAME
Personal name DOHNELLY, L .
245 ## - TITLE STATEMENT
Title DIAGNOSTIC IMAGING: PEDIATRIC /
Statement of responsibility, etc. NULL.
Medium Textual Documents
260 ## - PUBLICATION, DISTRIBUTION, ETC.
Place of publication, distribution, etc. NULL :
Name of publisher, distributor, etc. AMIRSYS PUB. ,
Date of publication, distribution, etc. 2005.
300 ## - PHYSICAL DESCRIPTION
Extent P-XXXI :
Other physical details XXV ;
Dimensions A4 .
365 ## - TRADE PRICE
Price type code 6387.50
650 ## - SUBJECT ADDED ENTRY--TOPICAL TERM
Topical term or geographic name entry element RADIOLOGY
700 ## - ADDED ENTRY--PERSONAL NAME
Personal name KRAUS, S .
-- JONES, B .
930 ## - EQUIVALENCE OR CROSS-REFERENCE-UNIFORM TITLE HEADING [LOCAL, CANADA]
Uniform title 3595
Holdings
Withdrawn status Lost status Damaged status Not for loan Home library Current library Date acquired Cost, normal purchase price Total Checkouts Full call number Barcode Date due Date last seen Date last checked out Copy number Price effective from Koha item type
        Medical College & Hospital, Sangli Medical College & Hospital, Sangli 28/11/2011 6387.50 1 618.9200754 DOH/KRA MCS-7956 01/10/2043 06/10/2023 06/10/2023 1 26/07/2023 Book